| 000 | 00448nam a2200181Ia 4500 | ||
|---|---|---|---|
| 001 | 2345 | ||
| 003 | IN-NITTTR | ||
| 005 | 20251114232929.0 | ||
| 008 | 251113s9999||||xx |||||||||||||| ||eng|| | ||
| 040 | _beng | ||
| 040 | _cIN-NITTTR | ||
| 041 | _aeng | ||
| 082 | _a720.284 B261A | ||
| 100 | _aBarnes, Stanley A. | ||
| 245 | 0 |
_aArchitectural draughtsmanship. / _cBarnes, Stanley A., Cleator, P. E. |
|
| 700 | _a Cleator, P. E. | ||
| 942 |
_2ddc _cBK |
||
| 999 |
_c3587 _d3587 |
||